Happy birthday, Martin Luther King / (Record no. 4440)

MARC details
000 -LEADER
fixed length control field 01395cam a2200385 a 4500
001 - CONTROL NUMBER
control field 4440
003 - CONTROL NUMBER IDENTIFIER
control field FISKH
005 - DATE AND TIME OF LATEST TRANSACTION
control field 20250820124225.0
008 - FIXED-LENGTH DATA ELEMENTS--GENERAL INFORMATION
fixed length control field 911028s1993 nyua j 000 0beng
010 ## - LIBRARY OF CONGRESS CONTROL NUMBER
LC control number 91042137
020 ## - INTERNATIONAL STANDARD BOOK NUMBER
International Standard Book Number 0590440659 :
040 ## - CATALOGING SOURCE
Original cataloging agency DLC
Transcribing agency DLC
Modifying agency DLC
Language of cataloging eng
050 ## - LIBRARY OF CONGRESS CALL NUMBER
Classification number E185.K5
082 ## - DEWEY DECIMAL CLASSIFICATION NUMBER
Classification number 323.092
100 1# - MAIN ENTRY--PERSONAL NAME
Personal name Marzollo, Jean.
245 10 - TITLE STATEMENT
Title Happy birthday, Martin Luther King /
Statement of responsibility, etc. by Jean Marzollo ; illustrated by J. Brian Pinkney.
250 ## - EDITION STATEMENT
Edition statement First Scholastic trade paperback printing, January 2000
260 ## - PUBLICATION, DISTRIBUTION, ETC.
Place of publication, distribution, etc. New York :
Name of publisher, distributor, etc. Scholastic,
Date of publication, distribution, etc. 1993.
300 ## - PHYSICAL DESCRIPTION
Extent 30 unnumbered pages :
Other physical details color illustrations ;
Dimensions 28 cm
505 ## - FORMATTED CONTENTS NOTE
Formatted contents note Q<br/>
520 ## - SUMMARY, ETC.
Summary, etc. An introduction to a great civil rights leader.
521 8# - TARGET AUDIENCE NOTE
Target audience note 700<br/>
Source Lexile <br/><br/>
521 8# - TARGET AUDIENCE NOTE
Target audience note Q<br/>
Source Raz-Plus <br/>
600 10 - SUBJECT ADDED ENTRY--PERSONAL NAME
Personal name King, Martin Luther,
Titles and other words associated with a name Jr.,
Dates associated with a name 1929-1968
Form subdivision Juvenile literature.
600 11 - SUBJECT ADDED ENTRY--PERSONAL NAME
Personal name King, Martin Luther,
Titles and other words associated with a name Jr.,
Dates associated with a name 1929-1968.
650 #0 - SUBJECT ADDED ENTRY--TOPICAL TERM
Topical term or geographic name entry element African Americans
Form subdivision Biography
-- Juvenile literature.
650 #0 - SUBJECT ADDED ENTRY--TOPICAL TERM
Topical term or geographic name entry element Civil rights workers
Geographic subdivision United States
Form subdivision Biography
-- Juvenile literature.
650 #0 - SUBJECT ADDED ENTRY--TOPICAL TERM
Topical term or geographic name entry element Baptists
Geographic subdivision United States
General subdivision Clergy
Form subdivision Biography
-- Juvenile literature.
650 #1 - SUBJECT ADDED ENTRY--TOPICAL TERM
Topical term or geographic name entry element Civil rights workers.
650 #1 - SUBJECT ADDED ENTRY--TOPICAL TERM
Topical term or geographic name entry element African Americans
Form subdivision Biography.
700 1# - ADDED ENTRY--PERSONAL NAME
Personal name Pinkney, J. Brian,
Relator term illustrator
906 ## - LOCAL DATA ELEMENT F, LDF (RLIN)
a 7
b cbc
c orignew
d 1
e ocip
f 19
g y-gencatlg
942 ## - ADDED ENTRY ELEMENTS (KOHA)
Source of classification or shelving scheme Dewey Decimal Classification
Koha item type Books
Suppress in OPAC No
Holdings
Withdrawn status Lost status Source of classification or shelving scheme Damaged status Not for loan Collection Home library Current library Shelving location Date acquired Total Checkouts Full call number Barcode Date last seen Price effective from Koha item type Copy number
    Dewey Decimal Classification     Non-Fiction Footprints International School Library Network Toul Kork Campus Footprints International School Library Network Toul Kork Campus TK Primary Library Room(4th Floor), Bookcase 5&6, Shelves 33-56, Orange Books 09/10/2024   MAR 323.092 E185.K5 FISTK02573 09/10/2024 09/10/2024 Books  
    Dewey Decimal Classification     Non-Fiction Footprints International School Library Network Toul Kork Campus Footprints International School Library Network Toul Kork Campus TK Primary Library Room(4th Floor), Bookcase 5&6, Shelves 33-56, Orange Books 01/30/2025   MAR 323.092 E185.K5 FISTK01480 01/30/2025 01/30/2025 Books 2
    Dewey Decimal Classification     Non-Fiction Footprints International School Library Network Toul Tom Poung Campus Footprints International School Library Network Toul Tom Poung Campus TTP Primary Orange Bookshelves 08/20/2025   MAR 323.092 E185.K5 FISBK06104 08/20/2025 08/20/2025 Books 3